| 000 | 00549nam a2200181Ia 4500 | ||
|---|---|---|---|
| 008 | 090630s9999 xx 000 0 und d | ||
| 082 | _b28460 | ||
| 100 | _aठाकूर दिलीप. | ||
| 245 |
_aझिंग. _cठाकूर दिलीप. |
||
| 260 |
_bश्रीकल्प - मुंबई. _c2007 |
||
| 300 | _a176 | ||
| 600 | _aठाकूर दिलीप. | ||
| 630 | _aझिंग. | ||
| 655 | _aकादंबरी. | ||
| 700 | _aठाकूर दिलीप. | ||
| 730 | _aझिंग. | ||
| 942 | _cBOOK | ||
| 999 |
_c280316 _d280316 |
||